| 000 | 004790000a22001690004500 | ||
|---|---|---|---|
| 003 | MACL | ||
| 005 | 20160108162935.0 | ||
| 008 | 160108b xxu||||| |||| 00| 0 eng d | ||
| 040 |
_aMACL _cMACL |
||
| 041 | _aEnglish | ||
| 082 | _a920/WIF | ||
| 100 |
_aLongman's Green And Co _924378 |
||
| 245 |
_aThe life and letters of The right honourable Friedrich Max Muller _bVOL 1 |
||
| 260 |
_bLongman's Green And Co _c1902 _aLondon |
||
| 650 |
_aBiography _930019 |
||
| 942 |
_cBK _k920 _2ddc |
||
| 999 |
_c36980 _d36980 |
||